[Event "Locri op 3rd"]
[Site "Locri"]
[Date "2015.07.15"]
[Round "3"]
[White "Femia, Diego"]
[Black "Mollace, Ruggero"]
[Result "0-1"]
[WhiteElo "1365"]
[BlackElo "1763"]
[PlyCount "96"]
[EventDate "2015.07.13"]
[EventType "swiss"]
[EventRounds "9"]
[EventCountry "ITA"]
[SourceTitle "EXT 2024"]
[Source "ChessBase"]
[SourceDate "2023.10.10"]
[SourceVersion "1"]
[SourceVersionDate "2023.10.10"]
[SourceQuality "1"]

1. e4 e6 2. d4 d5 3. exd5 exd5 4. Nf3 Bg4 5. Be2 Nc6 6. c3 h6 7. 0-0 Nf6 8. Nfd2 Bxe2 9. Qxe2+ Be7 10. Nf3 0-0 11. Bf4 Re8 12. Qc2 Bd6 13. Bxd6 Qxd6 14. Re1 Rxe1+ 15. Nxe1 Re8 16. Nd2 Ne7 17. Nef3 Ng6 18. Re1 Rxe1+ 19. Nxe1 Qe6 20. Nef3 Qe2 21. Qc1 Nf4 22. Qe1 Qa6 23. Qb1 Ng4 24. g3 Nh3+ 25. Kg2 Ngxf2 26. Ng1 Nxg1 27. Qxg1 Ng4 28. Kf3 Qd3+ 29. Kxg4 Qxd2 30. Qh1 Qxb2 31. Qxd5 Qxc3 32. Qxb7 Qxd4+ 33. Kh3 Qb6 34. Qc8+ Kh7 35. Qf5+ Qg6 36. Qxg6+ Kxg6 37. Kg4 Kf6 38. Kf4 g5+ 39. Ke4 Ke6 40. a4 f5+ 41. Kd4 Kd6 42. h3 h5 43. Kc4 c5 44. Kb5 Kd5 45. Ka6 c4 46. Kxa7 c3 47. a5 c2 48. a6 c1Q 0-1